书目信息 |
| 题名: |
崆峒山
|
|
| 作者: | 黄新燕 , 张晶 , 张燕如 主编 ;崆峒山国家地质公园 , 中国国土资源作家协会 编 | |
| 分册: | ||
| 出版信息: | 北京 中国建筑工业出版社 2011 |
|
| 页数: | 88页 | |
| 开本: | 18cm | |
| 丛书名: | ||
| 单 册: | ||
| 中图分类: | S759.93 | |
| 科图分类: | ||
| 主题词: | 地质--国家公园--介绍--平凉 | |
| 电子资源: | ||
| ISBN: | 978-7-112-13464-9 | |
| 000 | 01123nam0 2200277 450 | |
| 001 | 0100004293 | |
| 005 | 20191030111401.55 | |
| 010 | @a978-7-112-13464-9@dCNY28.00 | |
| 100 | @a20111013d2011 em y0chiy50 ea | |
| 101 | 0 | @achi |
| 102 | @aCN@b110000 | |
| 105 | @aa z 000yy | |
| 200 | 1 | @a崆峒山@Akong dong shan@f黄新燕,张晶,张燕如主编@g崆峒山国家地质公园,中国国土资源作家协会科普委员会编 |
| 210 | @a北京@c中国建筑工业出版社@d2011 | |
| 215 | @a88页@c彩图,彩照@d18cm | |
| 300 | @a国家地质公园口袋书 | |
| 330 | @a本书主要介绍了崆峒山公园概况、地质遗迹景观的成因、地质公园的主要看点、重点景区、平凉地区人文历史、旅游信息服务、景区游玩等。 | |
| 606 | 0 | @a地质@x国家公园@x介绍@y平凉 |
| 690 | @aS759.93@v4 | |
| 701 | 0 | @a黄新燕@Ahuang xin yan@c(女,@f1955?~)@4主编 |
| 701 | 0 | @a张晶@Azhang jing@c(国土资源)@4主编 |
| 701 | 0 | @a张燕如@Azhang yan ru@c(国土资源)@4主编 |
| 712 | 02 | @a崆峒山国家地质公园@Akong dong shan guo jia di zhi gong yuan@4编 |
| 712 | 02 | @a中国国土资源作家协会@Azhong guo guo tu zi yuan zuo jia xie hui@b科普委员会@4编 |
| 801 | 0 | @aCN@c20160515 |
| 905 | @a河南城建学院图书馆@dS759.93@eH908 | |
| 崆峒山/黄新燕,张晶,张燕如主编/崆峒山国家地质公园,中国国土资源作家协会科普委员会编.-北京:中国建筑工业出版社,2011 |
| 88页:彩图,彩照;18cm |
| 国家地质公园口袋书 |
| ISBN 978-7-112-13464-9:CNY28.00 |
| 本书主要介绍了崆峒山公园概况、地质遗迹景观的成因、地质公园的主要看点、重点景区、平凉地区人文历史、旅游信息服务、景区游玩等。 |
| ● |
| 相关链接 |
|
|
|
正题名:崆峒山
索取号:S759.93/H908
 
预约/预借
| 序号 | 登录号 | 条形码 | 馆藏地/架位号 | 状态 | 备注 |
| 1 | 1284813 | 212848132 | 自科库401/401自科库 1排2列3层/ [索取号:S759.93/H908] | 在馆 | |
| 2 | 1284814 | 212848141 | 自科库401/401自科库 1排2列3层/ [索取号:S759.93/H908] | 在馆 | |
| 3 | 1284815 | 212848150 | 自科库401/401自科库 1排2列3层/ [索取号:S759.93/H908] | 在馆 | |
| 4 | 1448154 | 214481540 | 自科库401/401自科库 1排2列3层/ [索取号:S759.93/H908] | 在馆 | |
| 5 | 1448155 | 214481559 | 自科库401/401自科库 1排2列3层/ [索取号:S759.93/H908] | 在馆 | |
| 6 | 1448156 | 214481568 | 自科库401/401自科库 1排2列3层/ [索取号:S759.93/H908] | 在馆 | |
| 7 | 1448157 | 214481577 | 自科库401/401自科库 1排2列3层/ [索取号:S759.93/H908] | 在馆 | |
| 8 | 1448158 | 214481586 | 自科库401/401自科库 1排2列3层/ [索取号:S759.93/H908] | 在馆 | |
| 9 | 1448159 | 214481595 | 自科库401/401自科库 1排2列3层/ [索取号:S759.93/H908] | 在馆 |